00000000nam 2200000zi 4500
0019.940929
003CaOODSP
00520250109094511
006m     o  d f      
007cr |||||||||||
008240723t20242024onc     ob   f000 0 eng d
020 |a9780660728988
040 |aCaOODSP|beng|erda|cCaOODSP
043 |an-cn-bc
0861 |aEn3-4/35-1-2024E-PDF
24500|aReport on the progress of recovery strategy and action plan implementation for the northern abalone (Haliotis kamtschatkana) in Canada for the period 2013 to 2021.
264 1|a[Ottawa] : |bGovernment of Canada = Gouvernement du Canada, |c2024.
264 4|c©2024
300 |a1 online resource (iv, 55 pages).
336 |atext|btxt|2rdacontent
337 |acomputer|bc|2rdamedia
338 |aonline resource|bcr|2rdacarrier
4901 |aSpecies at Risk Act recovery strategy report series
500 |aCover title.
500 |aIssued also in French under title: Rapport sur les progrès de la mise en œuvre du programme de rétablissement et du plan d'action pour l'ormeau nordique (Haliotis kamtschatkana) au Canada pour la période 2013 à 2021.
504 |aIncludes bibliographical references.
550 |aIssued by: Fisheries and Oceans Canada.
650 0|aPinto abalone|xConservation|zBritish Columbia|zPacific Coast.
650 0|aWildlife recovery|zBritish Columbia|zPacific Coast.
7101 |aCanada. |bDepartment of Fisheries and Oceans, |eissuing body.
77508|tRapport sur les progrès de la mise en œuvre du programme de rétablissement et du plan d'action pour l'ormeau nordique (Haliotis kamtschatkana) au Canada pour la période 2013 à 2021.|w(CaOODSP)9.940930
795 |tReport on the progress of recovery strategy implementation for Northern Abalone (Haliotis kamtschatkana) in Canada for the period 2007-2012 |w(CaOODSP)9.801780
830#0|aSpecies at Risk Act recovery strategy series.|w(CaOODSP)9.505071
85640|qPDF|s719 KB|uhttps://publications.gc.ca/collections/collection_2025/mpo-dfo/En3-4-35-1-2024-eng.pdf
8564 |qHTML|sN/A|uhttps://www.canada.ca/en/environment-climate-change/services/species-risk-public-registry/report-progress-recovery-document/northern-abalone-2024.html